Bombay To Mumbai : Changing Perspectives (Record no. 12413)
[ view plain ]
| 000 -LEADER | |
|---|---|
| fixed length control field | 00456nam a2200169Ia 4500 |
| 008 - FIXED-LENGTH DATA ELEMENTS--GENERAL INFORMATION | |
| fixed length control field | 220803s9999 xx 000 0 und d |
| 020 ## - INTERNATIONAL STANDARD BOOK NUMBER | |
| International Standard Book Number | 81-85026-37-8 |
| 041 ## - LANGUAGE CODE | |
| Language code of text/sound track or separate title | eng |
| 082 ## - DEWEY DECIMAL CLASSIFICATION NUMBER | |
| Classification number | 722 PAL/ROH |
| 100 ## - MAIN ENTRY--PERSONAL NAME | |
| Personal name | Pal P Ed. |
| 9 (RLIN) | 17665 |
| 245 ## - TITLE STATEMENT | |
| Title | Bombay To Mumbai : Changing Perspectives |
| 260 ## - PUBLICATION, DISTRIBUTION, ETC. (IMPRINT) | |
| Place of publication, distribution, etc. | Mumbai |
| Name of publisher, distributor, etc. | Marg Publications |
| Date of publication, distribution, etc. | 2001 |
| 300 ## - PHYSICAL DESCRIPTION | |
| Extent | 335p |
| 500 ## - GENERAL NOTE | |
| Keywords | Architecture |
| 650 ## - SUBJECT ADDED ENTRY--TOPICAL TERM | |
| Topical term or geographic name as entry element | Architectural History |
| 9 (RLIN) | 17666 |
| 700 ## - ADDED ENTRY--PERSONAL NAME | |
| Personal name | Rohatgi P Ed. |
| 9 (RLIN) | 17667 |
| Withdrawn status | Lost status | Damaged status | Not for loan | Collection code | Home library | Current library | Shelving location | Date acquired | Vendor | Cost, normal purchase price | Total Checkouts | Full call number | Barcode | Date last seen | Cost, replacement price | Bill Date | Koha item type | Original Barcode |
|---|---|---|---|---|---|---|---|---|---|---|---|---|---|---|---|---|---|---|
| Book of B Arch | Dr. Bhanuben Nanavati College of Architecture | Dr. Bhanuben Nanavati College of Architecture | 12/12/2005 | Ketan | 1040.00 | 711.5 PAL/ROH | BNCA-BK-4839 | 03/08/2022 | 1300.00 | 12/12/2005 | Books | B004839 |